| 000 | 00508nam a22001931a 4500 | ||
|---|---|---|---|
| 001 | 6255 | ||
| 003 | OSt | ||
| 005 | 20260204212045.0 | ||
| 008 | 060320s1986||||dr ||||||b||||||||||spa|| | ||
| 050 | _aRD 861.44 A88c | ||
| 245 | _aAntología: Colectivo de escritores romanenses / Isael Pérez | ||
| 264 | _aSanto Domingo : Biblioteca Nacional | ||
| 300 | _a123 p | ||
| 490 | _aColección orfeo | ||
| 500 | _aIncluye indice | ||
| 650 | _aAntología Política | ||
| 700 | _aPérez, IsaelÌ | ||
| 942 |
_2ddc _cBK |
||
| 999 |
_c6255 _d6255 |
||